Normal view
MARC view
- BROMBERG, A,KATAYEV, F,ABROSIMOV, K
Entry Personal Name
001 - CONTROL NUMBER
- control field: 80505
003 - CONTROL NUMBER IDENTIFIER
- control field: NUST
005 - DATE AND TIME OF LATEST TRANSACTION
- control field: 20210628210659.0
008 - FIXED-LENGTH DATA ELEMENTS
- fixed length control field: 210628|| aca||aabn | a|a d
040 ## - CATALOGING SOURCE
- Original cataloging agency: NUST
- Transcribing agency: NUST
100 ## - HEADING--PERSONAL NAME
- Personal name: BROMBERG, A,KATAYEV, F,ABROSIMOV, K
670 ## - SOURCE DATA FOUND
- Source citation: Work cat.: (NUST): BROMBERG, A,KATAYEV, F,ABROSIMOV, K, ROAD MAKING MACHINERY, 1961
